000 00200nam a2200085Ia 4500
008 120527s9999 xx 000 0 und d
100 _aDavis, H. Mark
245 _aSocioal phychology 99100
942 _cBK
999 _c27378
_d27378